Tiếng Anh thực dụng cho người dự phỏng vấn

保存先:
書誌詳細
フォーマット: 図書
言語:Undetermined
主題:
タグ: タグ追加
タグなし, このレコードへの初めてのタグを付けませんか!
Thư viện lưu trữ: Trung tâm Học liệu Trường Đại học Cần Thơ
LEADER 00410nam a2200133Ia 4500
001 CTU_118794
008 210402s9999 xx 000 0 und d
082 |a 428.24 
082 |b T306/Cas.1 
245 0 |a Tiếng Anh thực dụng cho người dự phỏng vấn 
650 |a English language 
650 |x Spoken english 
904 |i Tuyến 
980 |a Trung tâm Học liệu Trường Đại học Cần Thơ